[Event "EU-ch rapid"]
[Site "Minsk"]
[Date "2015.12.19"]
[Round "1"]
[White "Jobava, Baadur"]
[Black "Kapelchik, Andrei"]
[Result "1-0"]
[WhiteElo "2673"]
[BlackElo "1936"]
[PlyCount "25"]
[EventDate "2015.12.19"]
[EventType "swiss (rapid)"]
[EventRounds "11"]
[EventCountry "BLR"]
[SourceTitle "EXT 2017"]
[Source "ChessBase"]
[SourceDate "2016.10.25"]
[SourceVersion "1"]
[SourceVersionDate "2016.10.25"]
[SourceQuality "1"]

1. e4 e6 2. d4 d5 3. Nd2 dxe4 4. Nxe4 Qd5 5. Bd3 Nc6 6. Nf3 Nf6 7. c4 Bb4+ 8. Bd2 Qa5 9. 0-0 Bxd2 10. Nexd2 0-0 11. c5 Nb4 12. Nc4 Qb5 13. Qb3 1-0

[Event "EU-ch blitz"]
[Site "Minsk"]
[Date "2015.12.18"]
[Round "1.19"]
[White "Grachev, Boris V"]
[Black "Kapelchik, Andrei"]
[Result "1-0"]
[WhiteElo "2652"]
[BlackElo "1936"]
[PlyCount "39"]
[EventDate "2015.12.18"]
[EventType "swiss (blitz)"]
[EventRounds "22"]
[EventCountry "BLR"]
[SourceTitle "EXT 2017"]
[Source "ChessBase"]
[SourceDate "2016.10.25"]
[SourceVersion "1"]
[SourceVersionDate "2016.10.25"]
[SourceQuality "1"]

1. d4 c5 2. d5 e5 3. Nc3 d6 4. e4 a6 5. a4 f5 6. exf5 Bxf5 7. Bd3 Bxd3 8. Qxd3 Nf6 9. Nf3 Be7 10. Ng5 Nxd5 11. Nxd5 Bxg5 12. Bxg5 Qxg5 13. Nc7+ Kd7 14. Nxa8 Qxg2 15. 0-0-0 Qg5+ 16. Kb1 Qf6 17. Nb6+ Kc6 18. a5 Nd7 19. Qe4+ Kc7 20. Nd5+ 1-0